Online Catalogue and eLibrary

Gendering the Spirit: (Record no. 2885)

MARC details
000 -LEADER
fixed length control field 00507nam a2200193Ia 4500
005 - DATE AND TIME OF LATEST TRANSACTION
control field 20250109054451.0
008 - FIXED-LENGTH DATA ELEMENTS--GENERAL INFORMATION
fixed length control field 240331s9999 xx 000 0 und d
020 ## - INTERNATIONAL STANDARD BOOK NUMBER
ISBN 1842770276
082 ## - DDC Classification
Item Number - Author Mark DUR
DDC Edition Number 5452
Class No. 305.3
245 #0 - TITLE STATEMENT
Title Gendering the Spirit:
Remainder of title Women, Religion & the Post-Colonial Response
260 ## - PUBLICATION, DISTRIBUTION, ETC.
Place of publication, distribution, etc. London
-- New York
Name of publisher, distributor, etc. Zed Books Ltd
Date of publication, distribution, etc. 2002
300 ## - PHYSICAL DESCRIPTION
Extent (e.g. Volumes, Pages etc.) xi, 244 p.,
650 ## - SUBJECT ADDED ENTRY--TOPICAL TERM
Topical term or geographic name entry element Gender
650 ## - SUBJECT ADDED ENTRY--TOPICAL TERM
Topical term or geographic name entry element Religion
650 ## - SUBJECT ADDED ENTRY--TOPICAL TERM
Topical term or geographic name entry element Women
650 ## - SUBJECT ADDED ENTRY--TOPICAL TERM
Topical term or geographic name entry element Violence
700 ## - ADDED ENTRY--PERSONAL NAME
Personal name Ahmed, D. S
Relator term (Role) Editor
942 ## - Koha item type (Biblio)
Koha item type Books in Stacks (Lending)
Holdings
Lost status Damaged status Collection code Home library Current library Shelving location Date acquired Full call number Accession Number Item type
    Lending WERC Library WERC Library Social Science Cupboard 03/31/2024 305.3 GEN 5452 Books in Stacks (Lending)

© WERC Library